书目信息 |
| 题名: |
交通工程专业英语
|
|
| 作者: | 宋新生 , 李爱增 主编 | |
| 分册: | ||
| 出版信息: | 北京 中国电力出版社 2011.08 |
|
| 页数: | 153页 | |
| 开本: | 26cm | |
| 丛书名: | ||
| 单 册: | ||
| 中图分类: | H31 | |
| 科图分类: | ||
| 主题词: | 交通工程--jiao tong gong cheng--英语--高等学校--教材 | |
| 电子资源: | ||
| ISBN: | 978-7-5123-1672-0 | |
| 000 | 01078nam 2200277 450 | |
| 001 | 2255214483 | |
| 005 | 20220526153636.59 | |
| 010 | @a978-7-5123-1672-0@dCNY32.00 | |
| 100 | @a20111101d2011 ekmy0chiy0121 ea | |
| 101 | 0 | @achi@aeng |
| 102 | @aCN@b110000 | |
| 105 | @aak a 000yy | |
| 200 | 1 | @a交通工程专业英语@Ajiao tong gong cheng zhuan ye ying yu@f宋新生, 李爱增主编@FSong Xin Sheng,Li Ai Zeng Zhu Bian |
| 210 | @a北京@c中国电力出版社@d2011.08 | |
| 215 | @a153页@c图@d26cm | |
| 225 | 2 | @A21 shi ji gao deng xue xiao gui hua jiao cai |
| 300 | @a21世纪高等学校规划教材 | |
| 320 | @a有书目 (第153页) | |
| 330 | @a本书较全面系统地介绍了交通工程专业英语的基础知识和实用知识,主要内容包括专业英语基本特点、专业文献检索、专业文献阅读和翻译、科技论文写作等。 | |
| 410 | 0 | @12001 @A21 shi ji gao deng xue xiao gui hua jiao cai |
| 606 | 0 | @a交通工程@Ajiao tong gong cheng@x英语@x高等学校@j教材 |
| 690 | @aH31@v5 | |
| 701 | 0 | @a宋新生@Asong xin sheng@4主编 |
| 701 | 0 | @a李爱增@Ali ai zeng@4主编 |
| 801 | 0 | @aCN@b河南城建学院图书馆@c20111101 |
| 905 | @dH31@eS780@f3 | |
| 交通工程专业英语/宋新生, 李爱增主编.-北京:中国电力出版社,2011.08 |
| 153页:图;26cm |
| 21世纪高等学校规划教材 |
| ISBN 978-7-5123-1672-0:CNY32.00 |
| 本书较全面系统地介绍了交通工程专业英语的基础知识和实用知识,主要内容包括专业英语基本特点、专业文献检索、专业文献阅读和翻译、科技论文写作等。 |
| ● |
| 相关链接 |
|
|
|
正题名:交通工程专业英语
索取号:H31/S780
 
预约/预借
| 序号 | 登录号 | 条形码 | 馆藏地/架位号 | 状态 | 备注 |
| 1 | 1507423 | 215074238 | 社科二线400B/ [索取号:H31/S780] | 在馆 |